ADVANCES in soil research in Malaysia : proceedings of the Technical Workshop on Soil Science, Serdang, Selangor, 8 - 10 November 1983

Bibliographic Details
Other Authors: A. M. Mokhtaruddin
Format: Book
Published: Serdang, Selangor : Penerbit UKM , 1985
Subjects:

MARC

LEADER 00000cam a2200000 7i4500
001 0000002363
005 20030530.0
020 0 0 |a 9679952258 
090 0 0 |a 631.40723   |b ADV 1985 
245 0 0 |a ADVANCES in soil research in Malaysia :   |b proceedings of the Technical Workshop on Soil Science, Serdang, Selangor, 8 - 10 November 1983   |c edited by A. M. Mokhtaruddin ... (et al.) 
260 0 0 |a Serdang, Selangor :   |b Penerbit UKM ,   |c 1985 
300 |a vii, 361 p. :   |b ill. ;   |c 26 cm. 
500 0 0 |a Includes bibliogaphies 
650 0 0 |a Soil conservation   |z Malaysia   |x Congresses 
650 0 0 |a Soil mineralogy   |z Malaysia   |x Congresses 
650 0 0 |a Soil research   |z Malaysia   |x Congresses 
700 0 1 |a A. M. Mokhtaruddin 
998 |a JPSM 
999 |a 0000004129   |b Monograph   |c Open Shelf   |e Default branch